[Event "Stay Safe Play From Home 377"]
[Site "Emanuel Lasker Arena"]
[Date "2020.08.12"]
[Round "2"]
[White "NTBT_DHS"]
[Black "SoulofWolf"]
[Result "1-0"]
[WhiteElo "2618"]
[BlackElo "2105"]
[Annotator "TA"]
[PlyCount "73"]
[EventDate "2020.08.12"]
[EventType "swiss (blitz)"]

{[%evp 9,73,-3,57,14,22,25,56,18,37,15,17,3,17,-25,0,-10,29,9,70,33,59,2,75,0,49,49,66,0,15,6,24,20,16,14,20,15,28,-1,0,0,20,19,46,35,82,66,399,402,379,374,850,825,29982,29982,29982,29982,29983,29984,29989,29943,2790,2760,29994,29995,29995,29996]} 1. e4 d5 2. Nf3 dxe4 3. Ng5 Nf6 4. Bc4 e6 5. Nc3 Nbd7 (5... Be7 $11) 6. O-O {B01: Scandinavian Defence.} (6. Bxe6 {is interesting.} Ne5 7. Bxc8 Qxc8 8. Qe2 Qf5 9. Ngxe4 Nxe4 10. Qxe4 Qxe4+ 11. Nxe4 f5 12. Nc3) 6... h6 7. Ngxe4 Bb4 8. d3 {White is slightly better.} O-O {[#]} 9. Bd2 $146 ({Predecessor:} 9. Bf4 Nxe4 10. Nxe4 Nc5 11. c3 Nxe4 12. dxe4 Be7 13. Qxd8 Bxd8 14. Rad1 Re8 15. Rd3 {1-0 (26) Zheng,H (1759)-Lorenzo Martinez,R (1855) Santa Eulalia de Roncana 2015}) 9... c6 10. a3 Be7 11. Bf4 b5 12. Bb3 Nb6 13. Re1 Bb7 (13... Nfd5 $11 14. Nxd5 exd5) 14. Qf3 a5 15. Be5 (15. Nxf6+ $14 Bxf6 16. Qg3) 15... Nbd5 (15... Nfd7 $11 {remains equal.} 16. Bg3 a4) 16. Qg3 ({White should play} 16. Bxd5 $16 Nxd5 17. Qg4) 16... a4 (16... Nh5 {keeps more tension.} 17. Qg4 Nhf6 18. Qg3) 17. Ba2 Ne8 18. Nxd5 (18. d4 $14) 18... exd5 19. Nd2 Bf6 20. Nf3 Bxe5 21. Rxe5 Qf6 22. Rae1 Nd6 23. Nd4 Rac8 (23... Rae8 {is interesting.} 24. f4 Qd8 25. Qf2 Qd7 26. h3 f6) 24. c3 Rfd8 (24... Rce8 {seems wilder.} 25. f4 Qd8 26. h3 Qd7 27. Qg4 Qd8) 25. f4 Ba6 26. Nc2 Bb7 27. Ne3 {And now Ng4 would win.} Ne8 $2 {[%mdl 8192] Loses the game.} (27... Qg6 $1 $14) 28. Ng4 $18 Qd6 29. f5 Kh8 $2 {[#]} (29... Kh7 30. Qh4 Nf6 31. Nxf6+ gxf6) 30. Rxe8+ $1 {[%mdl 576] Remove Defender, Deflection} Rxe8 31. Rxe8+ Rxe8 32. Qxd6 Kg8 33. f6 h5 34. fxg7 hxg4 35. Qh6 {[%csl Gg7][%cal Rh6h8] [#]} Re1+ 36. Kf2 {[%csl Gg7][%cal Rh6h8]} Re2+ 37. Kxe2 {Accuracy: White = 66%, Black = 40%.} 1-0

[Event "Stay Safe Play From Home 377"]
[Site "Emanuel Lasker Arena"]
[Date "2020.08.12"]
[Round "2"]
[White "Lamborghini"]
[Black "CabianoFaruana"]
[Result "0-1"]
[WhiteElo "2299"]
[BlackElo "1620"]
[PlyCount "92"]
[EventDate "2020.08.12"]
[EventType "swiss (blitz)"]

1. e4 {[%emt 0:00:01]} e5 {[%emt 0:00:01]} 2. d4 {[%emt 0:00:01]} exd4 {[%emt 0:00:01]} 3. Nf3 {[%emt 0:00:00]} Nc6 {[%emt 0:00:01]} 4. Nxd4 {[%emt 0:00:01]} Bc5 {[%emt 0:00:00]} 5. Nb3 {[%emt 0:00:01]} Bb6 {[%emt 0:00:00]} 6. Nc3 {[%emt 0:00:00]} d6 {[%emt 0:00:00]} 7. Qe2 {[%emt 0:00:01]} Nf6 {[%emt 0:00:00]} 8. Be3 {[%emt 0:00:01]} O-O {[%emt 0:00:01]} 9. O-O-O {[%emt 0:00:01]} Be6 {[%emt 0:00:00]} 10. Kb1 {[%emt 0:00:01]} Bxb3 {[%emt 0:00:01]} 11. axb3 {[%emt 0:00:02]} Qe7 {[%emt 0:00:00]} 12. f3 {[%emt 0:00:01]} Rfd8 {[%emt 0:00:02]} 13. Bg5 {[%emt 0:00:01]} h6 {[%emt 0:00:01]} 14. Nd5 {[%emt 0:00:01]} Qe6 {[%emt 0:00:02]} 15. Nxf6+ {[%emt 0:00:01]} gxf6 {[%emt 0:00:00]} 16. Bxh6 {[%emt 0:00:01]} Ne5 {[%emt 0:00:01]} 17. Qf2 {[%emt 0:00:01]} Ng6 {[%emt 0:00:01]} 18. Qg3 {[%emt 0:00:01]} Qe5 {[%emt 0:00:02]} 19. Bd3 {[%emt 0:00:05]} d5 {[%emt 0:00:02]} 20. exd5 {[%emt 0:00:01]} Rxd5 {[%emt 0:00:00]} 21. Bxg6 {[%emt 0:00:01]} Qxg3 {[%emt 0:00:01]} 22. Bxf7+ {[%emt 0:00:03]} Kxf7 {[%emt 0:00:00]} 23. hxg3 {[%emt 0:00:01]} Rad8 {[%emt 0:00:01]} 24. Rxd5 {[%emt 0:00:01]} Rxd5 {[%emt 0:00:00]} 25. Bf4 {[%emt 0:00:01]} c6 {[%emt 0:00:02]} 26. c4 {[%emt 0:00:01]} Rd3 {[%emt 0:00:02]} 27. Kc2 {[%emt 0:00:01]} Rd8 {[%emt 0:00:02]} 28. Rd1 {[%emt 0:00:00]} Rh8 {[%emt 0:00:02]} 29. Rd7+ {[%emt 0:00:01]} Ke6 {[%emt 0:00:01]} 30. Rxb7 {[%emt 0:00:00]} Rh2 {[%emt 0:00:00]} 31. b4 {[%emt 0:00:01]} Rxg2+ {[%emt 0:00:01]} 32. Kd3 {[%emt 0:00:00]} Rxb2 {[%emt 0:00:02]} 33. Bd6 {[%emt 0:00:02]} Bf2 {[%emt 0:00:02]} 34. g4 {[%emt 0:00:02]} Kxd6 {[%emt 0:00:01]} 35. c5+ {[%emt 0:00:02]} Kd5 {[%emt 0:00:01]} 36. Rd7+ {[%emt 0:00:01]} Ke6 {[%emt 0:00:00]} 37. Rd6+ {[%emt 0:00:01]} Ke7 {[%emt 0:00:00]} 38. Rxc6 {[%emt 0:00:00]} Rxb4 {[%emt 0:00:01]} 39. Rc7+ {[%emt 0:00:01]} Ke6 {[%emt 0:00:01]} 40. Rxa7 {[%emt 0:00:00]} Rd4+ {[%emt 0:00:01]} 41. Ke2 {[%emt 0:00:02]} Bg1 {[%emt 0:00:01]} 42. c6 {[%emt 0:00:00]} Rc4 {[%emt 0:00:01]} 43. c7 {[%emt 0:00:00]} Bxa7 {[%emt 0:00:01]} 44. f4 {[%emt 0:00:01]} Rxc7 {[%emt 0:00:01]} 45. f5+ {[%emt 0:00:00]} Ke5 {[%emt 0:00:00]} 46. g5 {[%emt 0:00:01]} Rc8 {[%emt 0:00:01] Lamborghini gibt auf Lamborghini gibt auf Lamborghini gibt auf (Lag: Av=0.50s, max=0.7s) (Lag: Av=0.50s, max=0.7s) (Lag: Av=0.50s, max=0.7s)} 0-1

[Event "Stay Safe Play From Home 377"]
[Site "Emanuel Lasker Arena"]
[Date "2020.08.12"]
[Round "2"]
[White "MihailoVujic"]
[Black "buzaglo"]
[Result "1-0"]
[WhiteElo "2250"]
[BlackElo "1890"]
[PlyCount "65"]
[EventDate "2020.08.12"]
[EventType "swiss (blitz)"]

1. e4 {[%emt 0:00:02]} e6 {[%emt 0:00:00]} 2. d4 {[%emt 0:00:01]} d5 {[%emt 0:00:00]} 3. Nc3 {[%emt 0:00:01]} c5 {[%emt 0:00:00]} 4. exd5 {[%emt 0:00:01]} cxd4 {[%emt 0:00:00]} 5. Qxd4 {[%emt 0:00:01]} exd5 {[%emt 0:00:01]} 6. Qxd5 {[%emt 0:00:01]} Qxd5 {[%emt 0:00:01]} 7. Nxd5 {[%emt 0:00:00]} Bd6 {[%emt 0:00:00]} 8. Bf4 {[%emt 0:00:02]} Bxf4 {[%emt 0:00:01]} 9. Nxf4 {[%emt 0:00:00]} Nf6 {[%emt 0:00:00]} 10. O-O-O {[%emt 0:00:00]} O-O {[%emt 0:00:01]} 11. Bc4 {[%emt 0:00:00]} Bf5 {[%emt 0:00:01]} 12. Nf3 {[%emt 0:00:01]} Nc6 {[%emt 0:00:01]} 13. Nd4 {[%emt 0:00:02]} Nxd4 {[%emt 0:00:01]} 14. Rxd4 {[%emt 0:00:00]} Rac8 {[%emt 0:00:02]} 15. Rhd1 {[%emt 0:00:02]} a6 {[%emt 0:00:04]} 16. c3 {[%emt 0:00:03]} b5 {[%emt 0:00:01]} 17. Bb3 {[%emt 0:00:01]} Ne4 {[%emt 0:00:01]} 18. Nd5 {[%emt 0:00:03]} Nxf2 {[%emt 0:00:04]} 19. Ne7+ {[%emt 0:00:01]} Kh8 {[%emt 0:00:02]} 20. Nxf5 {[%emt 0:00:02]} Nxd1 {[%emt 0:00:01]} 21. Rxd1 {[%emt 0:00:00]} g6 {[%emt 0:00:01]} 22. Nd6 {[%emt 0:00:01]} Rc7 {[%emt 0:00:02]} 23. Ne4 {[%emt 0:00:04]} Kg7 {[%emt 0:00:01]} 24. Ng5 {[%emt 0:00:01]} h6 {[%emt 0:00:01]} 25. Nf3 {[%emt 0:00:00]} g5 {[%emt 0:00:01]} 26. Nd4 {[%emt 0:00:01]} f5 {[%emt 0:00:01]} 27. Ne6+ {[%emt 0:00:01]} Kf6 {[%emt 0:00:00]} 28. Nxc7 {[%emt 0:00:01]} Rc8 {[%emt 0:00:01]} 29. Rd6+ {[%emt 0:00:01]} Ke5 {[%emt 0:00:02]} 30. Re6+ {[%emt 0:00:01]} Kf4 {[%emt 0:00:01]} 31. Nd5+ {[%emt 0:00:00]} Kg4 {[%emt 0:00:01]} 32. Bd1+ {[%emt 0:00:02]} Kh4 {[%emt 0:00:02]} 33. Rxh6# {[%emt 0:00:00] (Lag: Av=0.62s, max=0.9s) (Lag: Av=0.62s, max=0.9s) (Lag: Av=0.62s, max=0.9s)} 1-0

[Event "Stay Safe Play From Home 377"]
[Site "Emanuel Lasker Arena"]
[Date "2020.08.12"]
[Round "2"]
[White "SelamiSahin"]
[Black "Tolka"]
[Result "1/2-1/2"]
[WhiteElo "2177"]
[BlackElo "2343"]
[PlyCount "129"]
[EventDate "2020.08.12"]
[EventType "swiss (blitz)"]

{Yarar, Atakan} 1. d3 {[%emt 0:00:01]} d6 {[%emt 0:00:07]} 2. Nf3 {[%emt 0:00:00]} Nf6 {[%emt 0:00:01]} 3. g3 {[%emt 0:00:00]} g6 {[%emt 0:00:00]} 4. Bg2 {[%emt 0:00:00]} Bg7 {[%emt 0:00:00]} 5. b3 {[%emt 0:00:00]} O-O {[%emt 0:00:00]} 6. Bb2 {[%emt 0:00:00]} c6 {[%emt 0:00:01]} 7. c4 {[%emt 0:00:00]} e5 {[%emt 0:00:00]} 8. O-O {[%emt 0:00:00]} Bg4 {[%emt 0:00:00]} 9. Nbd2 {[%emt 0:00:01]} Qd7 {[%emt 0:00:00]} 10. Re1 {[%emt 0:00:02]} a5 {[%emt 0:00:01]} 11. Qc2 {[%emt 0:00:01]} Na6 {[%emt 0:00:00]} 12. a3 {[%emt 0:00:01]} Nc5 {[%emt 0:00:01]} 13. Rad1 {[%emt 0:00:02]} Ne6 {[%emt 0:00:02]} 14. h3 {[%emt 0:00:02]} Bxf3 {[%emt 0:00:01]} 15. Nxf3 {[%emt 0:00:00]} Rfe8 {[%emt 0:00:02]} 16. e4 {[%emt 0:00:02]} Rad8 {[%emt 0:00:01]} 17. d4 {[%emt 0:00:01]} Qc7 {[%emt 0:00:01]} 18. dxe5 {[%emt 0:00:01]} dxe5 {[%emt 0:00:00]} 19. Rxd8 {[%emt 0:00:01]} Nxd8 {[%emt 0:00:02]} 20. Rd1 {[%emt 0:00:00]} Nd7 {[%emt 0:00:02]} 21. b4 {[%emt 0:00:01]} axb4 {[%emt 0:00:01]} 22. axb4 {[%emt 0:00:00]} Nb6 {[%emt 0:00:00]} 23. c5 {[%emt 0:00:03]} Nc8 {[%emt 0:00:01]} 24. Rd3 {[%emt 0:00:02]} Na7 {[%emt 0:00:01]} 25. Qd2 {[%emt 0:00:01]} Ne6 {[%emt 0:00:04]} 26. Rd7 {[%emt 0:00:03]} Qb8 {[%emt 0:00:02]} 27. h4 {[%emt 0:00:03]} Rd8 {[%emt 0:00:02]} 28. Rxd8+ {[%emt 0:00:01]} Qxd8 {[%emt 0:00:01]} 29. Qxd8+ {[%emt 0:00:01]} Nxd8 {[%emt 0:00:00]} 30. Bxe5 {[%emt 0:00:00]} f6 {[%emt 0:00:01]} 31. Bb2 {[%emt 0:00:02]} Ne6 {[%emt 0:00:00]} 32. Nd4 {[%emt 0:00:03]} Kf7 {[%emt 0:00:00]} 33. Nxe6 {[%emt 0:00:01]} Kxe6 {[%emt 0:00:00]} 34. f4 {[%emt 0:00:00]} Ke7 {[%emt 0:00:00]} 35. Bf1 {[%emt 0:00:01]} Nc8 {[%emt 0:00:01]} 36. Bc4 {[%emt 0:00:01]} b5 {[%emt 0:00:01]} 37. Bb3 {[%emt 0:00:02]} Ke8 {[%emt 0:00:02]} 38. Kf2 {[%emt 0:00:01]} Ne7 {[%emt 0:00:01]} 39. Ke3 {[%emt 0:00:00]} Kd7 {[%emt 0:00:01]} 40. g4 {[%emt 0:00:01]} h6 {[%emt 0:00:05]} 41. g5 {[%emt 0:00:01]} hxg5 {[%emt 0:00:01]} 42. hxg5 {[%emt 0:00:01]} fxg5 {[%emt 0:00:01]} 43. Bxg7 {[%emt 0:00:01]} gxf4+ {[%emt 0:00:00]} 44. Kxf4 {[%emt 0:00:01]} Nc8 {[%emt 0:00:01]} 45. Bf6 {[%emt 0:00:01]} Ke8 {[%emt 0:00:01]} 46. Kg5 {[%emt 0:00:01]} Kd7 {[%emt 0:00:01]} 47. Kxg6 {[%emt 0:00:01]} Na7 {[%emt 0:00:00]} 48. Kf5 {[%emt 0:00:01]} Kc7 {[%emt 0:00:00]} 49. e5 {[%emt 0:00:00]} Nc8 {[%emt 0:00:00]} 50. e6 {[%emt 0:00:01]} Kb7 {[%emt 0:00:01]} 51. e7 {[%emt 0:00:00]} Nxe7+ {[%emt 0:00:00]} 52. Bxe7 {[%emt 0:00:00]} Kc7 {[%emt 0:00:00]} 53. Bd6+ {[%emt 0:00:00]} Kb7 {[%emt 0:00:00]} 54. Ke6 {[%emt 0:00:01]} Kc8 {[%emt 0:00:00]} 55. Ke7 {[%emt 0:00:01]} Kb7 {[%emt 0:00:00]} 56. Kd7 {[%emt 0:00:00]} Ka6 {[%emt 0:00:00]} 57. Kxc6 {[%emt 0:00:01]} Ka7 {[%emt 0:00:00]} 58. Kxb5 {[%emt 0:00:01]} Ka8 {[%emt 0:00:00]} 59. Kc4 {[%emt 0:00:00]} Ka7 {[%emt 0:00:00]} 60. b5 {[%emt 0:00:00]} Ka8 {[%emt 0:00:01]} 61. b6 {[%emt 0:00:00]} Kb7 {[%emt 0:00:00]} 62. Kb5 {[%emt 0:00:00]} Kc8 {[%emt 0:00:01]} 63. Be6+ {[%emt 0:00:01]} Kd8 {[%emt 0:00:01]} 64. c6 {[%emt 0:00:01]} Ke8 {[%emt 0:00:00]} 65. c7 {[%emt 0:00:01] (Lag: Av=0.33s, max=0.9s) (Lag: Av=0.33s, max=0.9s) (Lag: Av=0.33s, max=0.9s)} 1/2-1/2

[Event "Stay Safe Play From Home 377"]
[Site "Emanuel Lasker Arena"]
[Date "2020.08.12"]
[Round "2"]
[White "TheCHESSHOUSE"]
[Black "Ao017545"]
[Result "1-0"]
[WhiteElo "1991"]
[BlackElo "1512"]
[Annotator "NA"]
[PlyCount "65"]
[EventDate "2020.08.12"]
[EventType "swiss (blitz)"]

1. d4 {[%emt 0:00:01]} e5 {[%emt 0:00:00]} 2. c4 {[%emt 0:00:00]} exd4 {[%emt 0:00:01]} 3. Qxd4 {[%emt 0:00:00]} Nc6 {[%emt 0:00:00]} 4. Qd1 {[%emt 0:00:00]} Nf6 {[%emt 0:00:00]} 5. Nf3 {[%emt 0:00:00]} Bc5 {[%emt 0:00:00]} 6. Nc3 {[%emt 0:00:01]} Ng4 {[%emt 0:00:01]} 7. e3 {[%emt 0:00:01]} O-O {[%emt 0:00:02]} 8. Be2 {[%emt 0:00:00]} d6 {[%emt 0:00:00]} 9. O-O {[%emt 0:00:01]} Nce5 {[%emt 0:00:01]} 10. h3 {[%emt 0:00:01]} Nxf3+ {[%emt 0:00:01]} 11. Bxf3 {[%emt 0:00:00]} Ne5 {[%emt 0:00:04]} 12. Be2 {[%emt 0:00:00]} Qf6 {[%emt 0:00:01]} 13. Ne4 {[%emt 0:00:02]} Qg6 {[%emt 0:00:02]} 14. Nxc5 {[%emt 0:00:01]} Bxh3 {[%emt 0:00:03]} 15. g3 {[%emt 0:00:05]} Bxf1 {[%emt 0:00:02]} 16. Bxf1 {[%emt 0:00:02]} dxc5 {[%emt 0:00:00]} 17. b3 {[%emt 0:00:01]} Qf5 {[%emt 0:00:02]} 18. Bg2 {[%emt 0:00:02]} Ng4 {[%emt 0:00:02]} 19. Qe2 {[%emt 0:00:02]} Rfe8 {[%emt 0:00:03]} 20. Bb2 {[%emt 0:00:01]} Nf6 {[%emt 0:00:01]} 21. Bxb7 {[%emt 0:00:01]} Rab8 {[%emt 0:00:01]} 22. Bg2 {[%emt 0:00:00]} Rb6 {[%emt 0:00:01]} 23. Rd1 {[%emt 0:00:01]} Rbe6 {[%emt 0:00:01]} 24. Ba3 {[%emt 0:00:06]} h6 {[%emt 0:00:02]} 25. Bb2 {[%emt 0:00:01]} Ne4 {[%emt 0:00:02]} 26. Rd5 {[%emt 0:00:02]} Qg6 {[%emt 0:00:03]} 27. Bf3 {[%emt 0:00:01]} Nxg3 {[%emt 0:00:01]} 28. fxg3 {[%emt 0:00:01]} Qxg3+ {[%emt 0:00:00]} 29. Qg2 {[%emt 0:00:00]} Qxg2+ {[%emt 0:00:02]} 30. Kxg2 {[%emt 0:00:00]} Rxe3 {[%emt 0:00:01]} 31. Rxc5 {[%emt 0:00:01]} Re1 {[%emt 0:00:01]} 32. Bd4 {[%emt 0:00:01]} Ra1 {[%emt 0:00:01]} 33. Bxa1 {[%emt 0:00:01] Ao017545 terk eder Ao017545 terk eder Ao017545 terk eder (Lag: Av=1.04s, max=1.7s) (Lag: Av=1.04s, max=1.7s) (Lag: Av=1.04s, max=1.7s)} 1-0

[Event "Stay Safe Play From Home 377"]
[Site "Emanuel Lasker Arena"]
[Date "2020.08.12"]
[Round "2"]
[White "Padmaesh M K"]
[Black "AChessPlayer"]
[Result "0-1"]
[WhiteElo "1835"]
[BlackElo "2410"]
[PlyCount "48"]
[EventDate "2020.08.12"]
[EventType "swiss (blitz)"]

1. e4 {[%emt 0:00:02]} d6 {[%emt 0:00:01]} 2. Nf3 {[%emt 0:00:01]} Nf6 {[%emt 0:00:00]} 3. Nc3 {[%emt 0:00:02]} e5 {[%emt 0:00:01]} 4. d4 {[%emt 0:00:00]} Nbd7 {[%emt 0:00:01]} 5. dxe5 {[%emt 0:00:01]} dxe5 {[%emt 0:00:01]} 6. Bc4 {[%emt 0:00:01]} Be7 {[%emt 0:00:01]} 7. O-O {[%emt 0:00:01]} c6 {[%emt 0:00:01]} 8. Re1 {[%emt 0:00:00]} Qc7 {[%emt 0:00:01]} 9. Bg5 {[%emt 0:00:01]} h6 {[%emt 0:00:02]} 10. Bh4 {[%emt 0:00:01]} Nf8 {[%emt 0:00:02]} 11. Bg3 {[%emt 0:00:01]} Ng6 {[%emt 0:00:01]} 12. h4 {[%emt 0:00:02]} Bg4 {[%emt 0:00:02]} 13. Qd3 {[%emt 0:00:03]} Rd8 {[%emt 0:00:02]} 14. Qe3 {[%emt 0:00:01]} Nh5 {[%emt 0:00:03]} 15. Rad1 {[%emt 0:00:03]} O-O {[%emt 0:00:09]} 16. Bb3 {[%emt 0:00:05]} b6 {[%emt 0:00:02]} 17. Rd2 {[%emt 0:00:05]} Nxg3 {[%emt 0:00:01]} 18. fxg3 {[%emt 0:00:01]} Bc5 {[%emt 0:00:00]} 19. Kh2 {[%emt 0:00:03]} Bxe3 {[%emt 0:00:01]} 20. Rxe3 {[%emt 0:00:01]} Bxf3 {[%emt 0:00:01]} 21. Rxd8 {[%emt 0:00:01]} Rxd8 {[%emt 0:00:01]} 22. gxf3 {[%emt 0:00:00]} Rd2+ {[%emt 0:00:01]} 23. Ne2 {[%emt 0:00:02]} Qd7 {[%emt 0:00:01]} 24. c3 {[%emt 0:00:02]} Rxb2 {[%emt 0:00:03] Padmaesh M K resigns Padmaesh M K resigns Padmaesh M K resigns (Lag: Av=0.58s, max=1.0s) (Lag: Av=0.58s, max=1.0s) (Lag: Av=0.58s, max=1.0s)} 0-1

[Event "Stay Safe Play From Home 377"]
[Site "Emanuel Lasker Arena"]
[Date "2020.08.12"]
[Round "2"]
[White "Aerocot"]
[Black "Klasman"]
[Result "1-0"]
[WhiteElo "1329"]
[BlackElo "1318"]
[Annotator "NA"]
[PlyCount "45"]
[EventDate "2020.08.12"]
[EventType "swiss (blitz)"]

1. e4 {[%emt 0:00:02]} f5 {[%emt 0:00:01]} 2. e5 {[%emt 0:00:02]} d6 {[%emt 0:00:01]} 3. exd6 {[%emt 0:00:01]} cxd6 {[%emt 0:00:01]} 4. Nf3 {[%emt 0:00:01]} e5 {[%emt 0:00:01]} 5. Be2 {[%emt 0:00:01]} e4 {[%emt 0:00:01]} 6. Nd4 {[%emt 0:00:02]} Nf6 {[%emt 0:00:04]} 7. O-O {[%emt 0:00:03]} Qb6 {[%emt 0:00:04]} 8. c3 {[%emt 0:00:02]} d5 {[%emt 0:00:03]} 9. Na3 {[%emt 0:00:02]} a6 {[%emt 0:00:04]} 10. Kh1 {[%emt 0:00:08]} Bc5 {[%emt 0:00:01]} 11. Qa4+ {[%emt 0:00:06]} Nc6 {[%emt 0:00:05]} 12. Nxc6 {[%emt 0:00:02]} bxc6 {[%emt 0:00:02]} 13. d4 {[%emt 0:00:01]} exd3 {[%emt 0:00:02]} 14. Bxd3 {[%emt 0:00:01]} O-O {[%emt 0:00:01]} 15. f3 {[%emt 0:00:10]} Bd7 {[%emt 0:00:06]} 16. Qc2 {[%emt 0:00:02]} Bxa3 {[%emt 0:00:03]} 17. bxa3 {[%emt 0:00:02]} Qc7 {[%emt 0:00:02]} 18. Bg5 {[%emt 0:00:02]} h6 {[%emt 0:00:03]} 19. Bh4 {[%emt 0:00:02]} g5 {[%emt 0:00:02]} 20. Bf2 {[%emt 0:00:02]} Nh5 {[%emt 0:00:03]} 21. Bd4 {[%emt 0:00:01]} c5 {[%emt 0:00:04]} 22. Bg1 {[%emt 0:00:01]} Rac8 {[%emt 0:00:04]} 23. Rae1 {[%emt 0:00:02] (Lag: Av=0.80s, max=1.2s) (Lag: Av=0.80s, max=1.2s) (Lag: Av=0.80s, max=1.2s)} 1-0

[Event "Stay Safe Play From Home 377"]
[Site "Emanuel Lasker Arena"]
[Date "2020.08.12"]
[Round "2"]
[White "Dreamsoldier"]
[Black "Hickey"]
[Result "0-1"]
[WhiteElo "1247"]
[BlackElo "2075"]
[PlyCount "32"]
[EventDate "2020.08.12"]
[EventType "swiss (blitz)"]

1. e4 {[%emt 0:00:02]} c6 {[%emt 0:00:01]} 2. e5 {[%emt 0:00:00]} d5 {[%emt 0:00:00]} 3. exd6 {[%emt 0:00:00]} exd6 {[%emt 0:00:01]} 4. Nf3 {[%emt 0:00:00]} Nf6 {[%emt 0:00:01]} 5. Nc3 {[%emt 0:00:00]} g6 {[%emt 0:00:00]} 6. d4 {[%emt 0:00:01]} Bg7 {[%emt 0:00:00]} 7. Bg5 {[%emt 0:00:01]} O-O {[%emt 0:00:00]} 8. Bd3 {[%emt 0:00:00]} Re8+ {[%emt 0:00:01]} 9. Be2 {[%emt 0:00:03]} Bg4 {[%emt 0:00:00]} 10. O-O {[%emt 0:00:01]} Nbd7 {[%emt 0:00:00]} 11. h3 {[%emt 0:00:02]} Bxf3 {[%emt 0:00:01]} 12. Bxf3 {[%emt 0:00:01]} d5 {[%emt 0:00:00]} 13. Ne2 {[%emt 0:00:02]} h6 {[%emt 0:00:01]} 14. Bxf6 {[%emt 0:00:01]} Nxf6 {[%emt 0:00:00]} 15. Ng3 {[%emt 0:00:00]} Qd6 {[%emt 0:00:02]} 16. c3 {[%emt 0:00:00]} Re7 {[%emt 0:00:01] Dreamsoldier terk eder Dreamsoldier terk eder Dreamsoldier terk eder (Lag: Av=0.59s, max=0.7s) (Lag: Av=0.59s, max=0.7s) (Lag: Av=0.59s, max=0.7s)} 0-1

[Event "Stay Safe Play From Home 377"]
[Site "Emanuel Lasker Arena"]
[Date "2020.08.12"]
[Round "2"]
[White "Mandy"]
[Black "Mepe_Nika"]
[Result "0-1"]
[WhiteElo "860"]
[BlackElo "2340"]
[PlyCount "38"]
[EventDate "2020.08.12"]
[EventType "swiss (blitz)"]

1. d4 {[%emt 0:00:02]} c5 {[%emt 0:00:01]} 2. c3 {[%emt 0:00:03]} cxd4 {[%emt 0:00:01]} 3. Qxd4 {[%emt 0:00:06]} d5 {[%emt 0:00:00]} 4. Qd1 {[%emt 0:00:03]} Nc6 {[%emt 0:00:00]} 5. Nd2 {[%emt 0:00:03]} Nf6 {[%emt 0:00:00]} 6. e3 {[%emt 0:00:02]} e5 {[%emt 0:00:01]} 7. Bd3 {[%emt 0:00:01]} Bg4 {[%emt 0:00:01]} 8. Qc2 {[%emt 0:00:05]} Bd6 {[%emt 0:00:01]} 9. f3 {[%emt 0:00:01]} Be6 {[%emt 0:00:01]} 10. g3 {[%emt 0:00:03]} O-O {[%emt 0:00:00]} 11. e4 {[%emt 0:00:01]} d4 {[%emt 0:00:01]} 12. h3 {[%emt 0:00:04]} Rc8 {[%emt 0:00:00]} 13. b3 {[%emt 0:00:04]} Nb4 {[%emt 0:00:01]} 14. Qd1 {[%emt 0:00:04]} Nxd3+ {[%emt 0:00:01]} 15. Ke2 {[%emt 0:00:04]} Nxc1+ {[%emt 0:00:01]} 16. Qxc1 {[%emt 0:00:02]} dxc3 {[%emt 0:00:00]} 17. Qd1 {[%emt 0:00:03]} cxd2 {[%emt 0:00:01]} 18. Qxd2 {[%emt 0:00:03]} Qb6 {[%emt 0:00:00]} 19. Rc1 {[%emt 0:00:03]} Bb4 {[%emt 0:00:01] Zeit Zeit Zeit (Lag: Av=0.50s, max=0.7s) (Lag: Av=0.50s, max=0.7s) (Lag: Av=0.50s, max=0.7s)} 0-1

[Event "Stay Safe Play From Home 377"]
[Site "Emanuel Lasker Arena"]
[Date "2020.08.12"]
[Round "3"]
[White "AChessPlayer"]
[Black "NTBT_DHS"]
[Result "1-0"]
[WhiteElo "2411"]
[BlackElo "2620"]
[Annotator "TA"]
[PlyCount "101"]
[EventDate "2020.08.12"]
[EventType "swiss (blitz)"]

{[%evp 18,101,-34,-47,-28,-37,-37,-47,-16,-43,-14,-67,-68,-59,-44,-60,-45,-50,62,-22,-36,-52,-35,-41,-9,-9,-15,-34,-35,-56,0,0,0,0,17,-16,-6,-30,4,0,0,-28,62,101,193,104,114,124,256,248,256,260,379,375,373,200,222,214,232,206,341,341,463,471,468,470,554,551,610,597,921,783,771,765,1412,1401,1362,1296,29947,29968,29968,29965,29992,29993,29995,11804]} 1. Nf3 d5 2. g3 Nf6 3. Bg2 c5 4. O-O Nc6 5. d3 e5 6. Nbd2 Be7 7. e4 O-O 8. exd5 Nxd5 9. Nc4 f6 10. a4 {[#]} b6 $146 {A08: King's Indian Attack.} ({Predecessor:} 10... Be6 11. Re1 Qd7 12. c3 Rfd8 13. Qc2 b6 14. b3 Rac8 15. Bb2 Bh3 16. Bh1 Qe8 17. d4 exd4 18. cxd4 {0-1 (50) Holasek,P (2054)-Sykora,M (2147) Liberec 2020}) 11. Re1 Be6 12. c3 Bf7 {Black is slightly better.} 13. Qc2 Rc8 14. Bd2 (14. Bh3 $11) 14... Qd7 $15 15. Rad1 Rfd8 16. Bc1 Bg6 17. Qe2 Nc7 (17... Bf8 $15) 18. Bf1 (18. Nh4 $14) 18... Bh5 $11 19. h3 Ne6 20. g4 Bg6 21. Nh4 Bf7 22. Nf5 Bf8 23. Bg2 g6 ({Better is} 23... Nf4 $15 24. Bxf4 exf4) 24. Ng3 Qc7 25. Ne4 Be7 26. Be3 a6 27. a5 b5 28. Nb6 Rb8 29. Ng3 Nxa5 (29... Nf4 $11 30. Bxf4 exf4) 30. Nd5 $36 {[%mdl 2048] Black is under strong pressure.} Qd7 (30... Rxd5 $16 31. Bxd5 Rd8) 31. Nxe7+ (31. f4 $1 $18) 31... Qxe7 $16 32. Qf3 Rb6 {This costs Black the game.} (32... Ng5 $16 33. Bxg5 fxg5) 33. Ne4 $18 Kg7 {[#]} 34. Nxf6 $1 {[%mdl 512]} Nd4 (34... Qxf6 $2 35. Bh6+ $1 {[%mdl 512]} Kxh6 36. Qxf6 $18) (34... Rbd6 {was necessary.} 35. Ne4 {[%mdl 64] Double Attack} Rxd3) 35. cxd4 Rxf6 {[#]} 36. Qe4 (36. Bh6+ $142 $1 {[%mdl 512]} Kxh6 {[#]} 37. g5+ $1 {[%mdl 576] Double Attack} Kg7 38. gxf6+ Qxf6 39. Qxf6+ (39. dxc5 Qxf3 40. Bxf3 Bd5 $18) (39. Rxe5 Nb3 $14) 39... Kxf6 40. Ra1 (40. Rxe5 Nb3 $16)) 36... Bd5 37. Qxe5 Qxe5 38. dxe5 Re6 (38... Rc6 $142 39. Bg5 Rd7) 39. Bxc5 Nb3 40. Bd6 Bxg2 41. Kxg2 a5 42. d4 a4 43. d5 Ree8 44. Bc7 Rd7 45. Bb6 b4 46. e6 Rd6 47. Bc7 Red8 48. Bxd8 {White mates.} Rxd8 49. d6 Re8 50. d7 Nc5 51. e7 {Accuracy: White = 72%, Black = 40%.} (51. dxe8=Q $142 Nxe6 52. Rxe6 Kh6 53. Rd7 b3 54. h4 a3 55. Qf8#) 1-0